Development Plan (Record no. 2994)
[ view plain ]
| 000 -LEADER | |
|---|---|
| fixed length control field | 00271nam a22001097a 4500 |
| 008 - FIXED-LENGTH DATA ELEMENTS--GENERAL INFORMATION | |
| fixed length control field | 230629b xxu||||| |||| 00| 0 eng d |
| 082 ## - DEWEY DECIMAL CLASSIFICATION NUMBER | |
| Classification number | 338.9 |
| Item number | KEN |
| 245 ## - TITLE STATEMENT | |
| Title | Development Plan |
| Remainder of title | For the Period 1970 to 1974 |
| 260 ## - PUBLICATION, DISTRIBUTION, ETC. (IMPRINT) | |
| Place of publication, distribution, etc. | Kenya |
| Name of publisher, distributor, etc. | GOK |
| 300 ## - PHYSICAL DESCRIPTION | |
| Extent | III,198p |
| 942 ## - ADDED ENTRY ELEMENTS (KOHA) | |
| Source of classification or shelving scheme | Dewey Decimal Classification |
| Koha item type | Books |
| Withdrawn status | Lost status | Source of classification or shelving scheme | Damaged status | Not for loan | Home library | Current library | Date acquired | Total Checkouts | Full call number | Barcode | Date last seen | Price effective from | Koha item type |
|---|---|---|---|---|---|---|---|---|---|---|---|---|---|
| Dewey Decimal Classification | County Hall Archives | County Hall Archives | 06/29/2023 | 338.9 KEN | 10005919 | 06/29/2023 | 06/29/2023 | Books | |||||
| Dewey Decimal Classification | County Hall Archives | County Hall Archives | 06/29/2023 | 338.9 KEN | 10007785 | 06/29/2023 | 06/29/2023 | Books | |||||
| Dewey Decimal Classification | County Hall Archives | County Hall Archives | 06/29/2023 | 338.9 KEN | 10005920 | 06/29/2023 | 06/29/2023 | Books |
